Thickness design asphalt pavements for air carrier airports

Saved in:
Bibliografiske detaljer
Institution som forfatter: Asphalt Institute (Author)
Format: Bog
Sprog:engelsk
Udgivet: Lexington Asphalt Institute 1987
Udgivelse:3a. ed
Serier:Manual Series, 11
Fag:
Tags: Tilføj Tag
Ingen Tags, Vær først til at tagge denne postø!

MARC

LEADER 00000nam a2200000 a 4500
001 UCP1482
003 CL-VaPUC
008 990416e19870000US |||||||||||||||||eng|d
082 0 4 |a 625.85  |b ASP  |2 21 
110 2 |a Asphalt Institute  |e author  |9 427539 
245 1 0 |a Thickness design asphalt pavements for air carrier airports 
250 |a 3a. ed 
300 |a 223 p 
942 |c BK 
945 |d 19990416 00:00:00  |a rbrito 
260 |a Lexington  |b Asphalt Institute  |c 1987 
650 0 |a Asfalto  |9 262568 
650 7 |a MATERIALES BITUMINOSOS  |2 CL-VaPUC  |9 427540 
650 0 |a Aeropuertos  |9 261061 
650 0 |a Mantenimiento  |9 271710 
650 7 |a PISTA DE ATERRIZAJE  |2 CL-VaPUC  |9 427541 
583 |a last modification  |c 19990416 00:00:00  |k Rodrigo Vera 
490 0 |a Manual Series, 11 
999 |c 280154  |d 280152 
952 |0 0  |1 0  |4 0  |6 625_850000000000000_ASP_1987  |7 0  |8 F  |9 320188  |a BIBING  |b BIBING  |d 2019-11-20  |i 3511545  |o 625.85 ASP 1987  |p 3511545  |r 2025-01-20  |w 2019-11-20  |y BK_F  |k CCL